<?xml version="1.0" encoding="UTF-8"?>
<record
    xmlns:xsi="http://www.w3.org/2001/XMLSchema-instance"
    xsi:schemaLocation="http://www.loc.gov/MARC21/slim http://www.loc.gov/standards/marcxml/schema/MARC21slim.xsd"
    xmlns="http://www.loc.gov/MARC21/slim">

  <leader>01459    a2200229   4500</leader>
  <controlfield tag="001">54954</controlfield>
  <controlfield tag="005">20260407155825.0</controlfield>
  <controlfield tag="008">260407a2000    arg                 spa d</controlfield>
  <controlfield tag="003">AR-UNSa-BCEJYS</controlfield>
  <datafield tag="040" ind1=" " ind2=" ">
    <subfield code="a">AR-UNSa-BCEJYS</subfield>
    <subfield code="b">spa</subfield>
    <subfield code="c">AR-UNSa-BCEJYS</subfield>
  </datafield>
  <datafield tag="080" ind1=" " ind2=" ">
    <subfield code="a">27(82)</subfield>
    <subfield code="x">Historia General de la Iglesia Cristiana Argentina</subfield>
  </datafield>
  <datafield tag="245" ind1="1" ind2="0">
    <subfield code="a">Historia de la iglesia argentina</subfield>
  </datafield>
  <datafield tag="020" ind1=" " ind2=" ">
    <subfield code="a">987-9397-17-7</subfield>
  </datafield>
  <datafield tag="264" ind1=" " ind2="1">
    <subfield code="a">Buenos Aires :</subfield>
    <subfield code="b">Grijalbo Mondadari</subfield>
    <subfield code="c">2000</subfield>
  </datafield>
  <datafield tag="300" ind1=" " ind2=" ">
    <subfield code="a">604 p.</subfield>
    <subfield code="c">20 cm.</subfield>
  </datafield>
  <datafield tag="505" ind1=" " ind2=" ">
    <subfield code="a">Primera parte: La cristiandad colonial (1530-1830) - I. El trasplante religioso - II. El cuadro institucional - III. El clero - IV. La compa&#xF1;&#xED;a de Jes&#xFA;s y las reducciones del Paraguay - V. La cultura eclesi&#xE1;stica - VI. La vida devocional,las pr&#xE1;cticas religiosas y la cura de almas a fines del per&#xED;odo colonial - VII. La crisis de la Iglesia colonial - Segunda parte: El largo camino a la unidad (1830-1865) - I. Las Iglesias rioplatenses en la Argentina - II. Las Iglesias rioplatenses y el proceso de organizaci&#xF3;n nacional - Tercera parte: La Iglesia argentina comtempor&#xE1;nea (1865-1983) - I. Los primeros pasos de la Iglesia argentina - II. Las ideas y la organizaci&#xF3;n.La maduraci&#xF3;n de la Iglesia argentina - III. Entre P&#xED;o XII,Per&#xF3;n y el Concilio Vaticano II - IV. El infinito Concilio de la Iglesia</subfield>
  </datafield>
  <datafield tag="041" ind1=" " ind2=" ">
    <subfield code="a">spa</subfield>
  </datafield>
  <datafield tag="942" ind1=" " ind2=" ">
    <subfield code="c">BK</subfield>
  </datafield>
  <datafield tag="590" ind1=" " ind2=" ">
    <subfield code="a">niveau_biblio:m niveau_hierar:0</subfield>
  </datafield>
  <datafield tag="100" ind1="1" ind2=" ">
    <subfield code="a">Di Stefano, Roberto</subfield>
  </datafield>
  <datafield tag="700" ind1="1" ind2=" ">
    <subfield code="a">Zanatta, Loris</subfield>
  </datafield>
  <datafield tag="999" ind1=" " ind2=" ">
    <subfield code="c">5841</subfield>
    <subfield code="d">5841</subfield>
  </datafield>
  <datafield tag="952" ind1=" " ind2=" ">
    <subfield code="0">0</subfield>
    <subfield code="1">0</subfield>
    <subfield code="4">0</subfield>
    <subfield code="7">0</subfield>
    <subfield code="a">BCEJYS</subfield>
    <subfield code="b">BCEJYS</subfield>
    <subfield code="c">16</subfield>
    <subfield code="d">2026-04-07</subfield>
    <subfield code="l">0</subfield>
    <subfield code="o">27(82) D536</subfield>
    <subfield code="p">L86804</subfield>
    <subfield code="r">2026-04-07 15:58:25</subfield>
    <subfield code="w">2026-04-07</subfield>
    <subfield code="y">L</subfield>
  </datafield>
</record>
